Preliminary study of the application on a large scale of the polder system of agriculture developed from the experience gained on the Kafue Pilot Polder, Kafue Flats, Northern Rhodesia. (Record no. 88859)
[ view plain ]
| 000 -LEADER | |
|---|---|
| fixed length control field | 00960cam1a220021700 4500 |
| 001 - CONTROL NUMBER | |
| control field | tmp15752907 |
| 003 - CONTROL NUMBER IDENTIFIER | |
| control field | UPRA |
| 005 - DATE AND TIME OF LATEST TRANSACTION | |
| control field | 20190816104828.0 |
| 008 - FIXED-LENGTH DATA ELEMENTS--GENERAL INFORMATION | |
| fixed length control field | 951020s1963 rh eng u |
| 035 ## - SYSTEM CONTROL NUMBER | |
| System control number | (Sirsi) r40603 |
| 035 ## - SYSTEM CONTROL NUMBER | |
| System control number | (UPRA)tmp15752907 |
| 040 ## - CATALOGING SOURCE | |
| Transcribing agency | UPRA |
| 110 2# - MAIN ENTRY--CORPORATE NAME | |
| Subordinate unit | Rhodesion Selection Trust Group. |
| Linkage | A101351.1 |
| 245 10 - TITLE STATEMENT | |
| Title | Preliminary study of the application on a large scale of the polder system of agriculture developed from the experience gained on the Kafue Pilot Polder, Kafue Flats, Northern Rhodesia. |
| 260 ## - PUBLICATION, DISTRIBUTION, ETC. | |
| Place of publication, distribution, etc. | Salisbury : |
| Name of publisher, distributor, etc. | Trust Group, |
| Date of publication, distribution, etc. | 1963. |
| 650 #0 - SUBJECT ADDED ENTRY--TOPICAL TERM | |
| Topical term or geographic name entry element | Agriculture -- Zambia -- Kafue Flats. |
| Geographic subdivision | Agriculture -- Zambia -- Kafue Flats. |
| -- | Agriculture -- Zambia -- Kafue Flats. |
| Linkage | S73189.1 |
| 650 #0 - SUBJECT ADDED ENTRY--TOPICAL TERM | |
| Topical term or geographic name entry element | Polders -- Zambia -- Kafue Flats. |
| Geographic subdivision | Polders -- Zambia -- Kafue Flats. |
| -- | Polders -- Zambia -- Kafue Flats. |
| Linkage | S73190.1 |
| 651 #0 - SUBJECT ADDED ENTRY--GEOGRAPHIC NAME | |
| Geographic name | Kafue flats. |
| Linkage | S36976.1 |
| 949 ## - LOCAL PROCESSING INFORMATION (OCLC) | |
| a | S621 |
| w | lcc |
| i | -49341 |
| m | MAIN |
| t | BOOK |
| l | ON-SHELF |
No items available.